| 000 | 00745nam a2200193 i 4500 | ||
|---|---|---|---|
| 001 | 28319 | ||
| 003 | ES-MaACL | ||
| 005 | 20230906153829.0 | ||
| 007 | t| | ||
| 008 | 030117s1864 sp ||||1| spa d | ||
| 100 | 1 |
_aBadioli, Lorenzo. _924561 |
|
| 245 | 1 | 0 |
_aDeclamación sagrada, forense, académica popular, militar y teatral, con un apéndice sobre el canto en general / _cLorenzo Badioli. |
| 260 |
_aMadrid : _b[s.n.], _c1864 ( _fImprenta de Manuel Galiano) |
||
| 300 |
_a126 p. ; _c19 cm. |
||
| 530 | _aDisponible también en sitio web. | ||
| 650 | 0 | 4 |
_aVoz. _917854 |
| 852 |
_aES-MaACL _jT-196-F-3 |
||
| 856 |
_uhttp://bibliotecadigitalhispanica.bne.es:80/webclient/DeliveryManager?pid=1836839&custom_att_2=simple_viewer _zIr a la página |
||
| 999 |
_c28319 _d28319 |
||